Методы принятия управленческих решений: учебник для вузов

Библиографические подробности
Главный автор: Черняк В. З. Виктор Захарович
Другие авторы: Довдиенко И. В. Ирина Викторовна
Примечания:Рассмотрены вопросы теории и практики принятия управленческих решений в условиях неопределенности и риска, включая исследования операций, линейное и нелинейное программирование, дискретное программирование, теорию графов, динамичное программирование, основы математической теории принятия решений в различных условиях, а также конфликтные ситуации и теорию игр.
Язык:русский
Опубликовано: Москва, Академия, 2013
Серии:Высшее профессиональное образование. Бакалавриат
Экономика и управление
Предметы:
Формат: Книга
Запись в KOHA:https://koha.lib.tpu.ru/cgi-bin/koha/opac-detail.pl?biblionumber=229926

MARC

LEADER 00000nam0a2200000 4500
001 229926
005 20231101230955.0
010 |a 9785769595684 
035 |a (RuTPU)RU\TPU\book\250586 
090 |a 229926 
100 |a 20130116d2013 m y0rusy50 ca 
101 0 |a rus 
102 |a RU 
105 |a a j 001zy 
200 1 |a Методы принятия управленческих решений  |e учебник для вузов  |f В. З. Черняк, И. В. Довдиенко 
210 |a Москва  |c Академия  |d 2013 
215 |a 236 с.  |c ил. 
225 1 |a Высшее профессиональное образование. Бакалавриат 
225 1 |a Экономика и управление 
320 |a Библиогр.: с. 232-233. 
330 |a Рассмотрены вопросы теории и практики принятия управленческих решений в условиях неопределенности и риска, включая исследования операций, линейное и нелинейное программирование, дискретное программирование, теорию графов, динамичное программирование, основы математической теории принятия решений в различных условиях, а также конфликтные ситуации и теорию игр. 
606 1 |a Управленческие решения  |x Принятие  |2 stltpush  |3 (RuTPU)RU\TPU\subj\37173  |9 58293 
610 1 |a принятие решений 
610 1 |a теория 
610 1 |a менеджмент 
610 1 |a базовые схемы 
610 1 |a методы 
610 1 |a проекты 
610 1 |a проектное управление 
610 1 |a инвестиционный менеджмент 
610 1 |a качество 
610 1 |a оценка 
610 1 |a инвестиционно-строительные проекты 
610 1 |a эффективность 
610 1 |a системный анализ 
610 1 |a экспертные оценки 
610 1 |a метод сценариев 
610 1 |a метод древа решений 
610 1 |a модель экономического человека 
610 1 |a учебники 
686 |a У9(2)212.8я73  |v LBC/SL-A  |2 rubbk 
700 1 |a Черняк  |b В. З.  |g Виктор Захарович 
701 1 |a Довдиенко  |b И. В.  |g Ирина Викторовна 
801 1 |a RU  |b 63413507  |c 20130116 
801 2 |a RU  |b 63413507  |c 20150519  |g RCR 
900 |a Методы принятия управленческих решений 
942 |c BK 
955 |b 080200 
959 |a 4/20130116  |d 5  |e 399,00  |f ЧЗГЛ:1  |f АНЛ:1  |f УФ:3